000 00686nam a2200205 a 4500
005 20260112063332.0
020 _a9789353502416
039 _a202412111435
_bstaff
_c202412111434
_d staff
_c202412111432
_d staff
_y 202412111431
_z staff
082 _a302.35
_bDAF
100 _aDaft, Richard .L
245 _aUnderstanding the theory and design of Organizations /
_cRichard L. Daft and Nishant Uppal
250 _a11 th edition
260 _aNoida :
_bCengage ,
_c2020
300 _axxii, 587 p.:
_bill.;
_c26 cm
650 _aOrganization
700 _aUppal, Nishant
991 _aVIRTUA40
991 _aVTLSSORT0080*0200*0820*1000*2450*2500*3000*2600*6500*7000*9992
909 _a6058
999 _c5468
_d5468